| 000 | 00854nam a2200229Ia 4500 | ||
|---|---|---|---|
| 001 | L251-17737 | ||
| 003 | IT-CnALBA | ||
| 008 | 170116s9999||||xx |||||||||||||| ||und|| | ||
| 040 |
_aIT-CnALBA _cIT-CnALBA |
||
| 041 | _aITALIANO | ||
| 100 | _aPORTALUPPI D. ANGELO, PREVOSTO. | ||
| 245 | 0 | _aCOMMENTO AI VANGELI FESTIVI ROMANI E AMBROSIANI. | |
| 250 | _a1a ed. | ||
| 260 |
_aCINISELLO BALSAMO (MI) _bEDIZIONI PAOLINE _c1944 [1° Ed.:1944 - Ed.Ling.Originale: 1944] |
||
| 300 | _a575 p. (prefazione: 5) | ||
| 500 | _aDOPPIONE. PER L'ABSTRACT, CONFRONTA DOCUMENTO 17579. | ||
| 501 | _aSocietà San Paolo EM - Piazza San Paolo, 14 - 12051 ALBA (CN) (non commercial uses only) ® Copyright 2017 | ||
| 520 | _aDOPPIONE. PER L'ABSTRACT, CONFRONTA DOCUMENTO 17579. | ||
| 650 | _aPREDICAZIONE - ORATORIA SACRA | ||
| 942 | _cBK | ||
| 957 | _71 | ||
| 999 |
_a22482 _bSI _g Copie: 1 _c276891 _d276891 |
||